Medea : a modern retelling /

Saved in:
நூற்பட்டியல் விவரங்கள்
தலைமை எழுத்தாளர்: Wolf, Christa.
வடிவம்: புத்தகம்
மொழி:English
வெளியீடப்பட்டது: London : Virago, 1998.
பகுதிகள்:
குறியீடுகள்: குறிச்சொல் இணை
குறியீடுகள் இல்லை, இந்த குறிச்சொல்லை முதலில் பதிவு செய்யுங்கள்!
LEADER 01109cam a2200337 a 4500
001 007766251-2
005 20090915115038.0
008 980403s1998 enk 000 f eng
015 |a GB98-28517 
020 |a 1860494803 
035 0 |a ocm38924794 
040 |a UKM  |c UKM 
041 1 |a engger 
043 |a e-gr--- 
050 4 |a PT2685.O36  |b M413 1998 
082 0 4 |a 833.914  |2 21 
100 1 |a Wolf, Christa. 
245 1 0 |a Medea :  |b a modern retelling /  |c Christa Wolf ; translated from the German by John Cullen. 
260 |a London :  |b Virago,  |c 1998. 
300 |a xvi, 186 p. ;  |c 23 cm. 
546 |a Translated from the German. 
650 0 |a Medea (Greek mythology)  |v Fiction. 
650 0 |a Spouses  |z Greece  |z Corinth  |v Fiction. 
651 0 |a Greece  |z Corinth  |x Kings and rulers  |v Fiction. 
650 0 |a Political corruption  |z Greece  |z Corinth  |v Fiction. 
600 0 0 |a Medea,  |c consort of Aegeus, King of Athens (Mythological character)  |v Fiction. 
650 0 |a Kings and rulers  |z Greece  |z Corinth  |v Fiction. 
650 0 |a Kings and rulers  |v Fiction. 
655 7 |a Fiction.  |2 fast 
988 |a 20040902 
906 |0 OCLC